Developer remediation contract (Record no. 121345)
[ view plain ]
| 000 -LEADER | |
|---|---|
| fixed length control field | 01511nam a22002177a 4500 |
| 008 - FIXED-LENGTH DATA ELEMENTS--GENERAL INFORMATION | |
| fixed length control field | 230201s2023 ||||| ||||o00| 0 eng d |
| 110 ## - MAIN ENTRY--CORPORATE NAME | |
| 9 (RLIN) | 6315 |
| Corporate author | Department for Levelling Up, Housing and Communities |
| 245 ## - TITLE STATEMENT | |
| Title | Developer remediation contract |
| 260 ## - PUBLICATION INFORMATION | |
| Publisher | Department for Levelling Up, Housing and Communities, |
| Date | 30 January 2023 (and then continuously updated). |
| 520 ## - ABSTRACT | |
| Abstract | The government wrote to developers on 30 January 2023 saying that it expects them to sign the newly published ‘developer remediation contract’ as soon as possible. Once signed, the contract will require developers to: Take responsibility for all necessary work to address life-critical fire-safety defects arising from design and construction of buildings 11 metres and over in height that they developed or refurbished over the last 30 years in England. Keep residents in those buildings informed on progress towards meeting this commitment. Reimburse taxpayers for funding spent on remediating their buildings. Updated Autumn 2023 with information about the Responsible Actors Scheme. |
| 520 ## - ABSTRACT | |
| Abstract | Applies to England |
| 650 ## - KEYWORDS | |
| Keywords | CLADDING |
| 650 ## - KEYWORDS | |
| Keywords | REMEDIATION |
| 650 ## - KEYWORDS | |
| Keywords | BUILDING SAFETY |
| 650 ## - KEYWORDS | |
| Keywords | FIRE SAFETY |
| 651 ## - SUBJECT ADDED ENTRY--GEOGRAPHIC NAME | |
| Geographic name | England |
| 690 ## - LOCAL SUBJECT ADDED ENTRY--TOPICAL TERM (OCLC, RLIN) | |
| 9 (RLIN) | 6223 |
| Topical term or geographic name as entry element | Building materials & defects |
| 690 ## - LOCAL SUBJECT ADDED ENTRY--TOPICAL TERM (OCLC, RLIN) | |
| 9 (RLIN) | 6222 |
| Topical term or geographic name as entry element | Building control |
| 710 ## - ADDED CORPORATE NAME | |
| 9 (RLIN) | 6315 |
| Added corporate author | Department for Levelling Up, Housing and Communities |
| 856 ## - ONLINE RESOURCE | |
| Uniform Resource Identifier | https://www.gov.uk/government/publications/developer-remediation-contract |
| Public note | Available on .gov.uk |
| Withdrawn status | Lost status | Source of classification or shelving scheme | Damaged status | Not for loan | Home library | Current library | Shelving location | Date acquired | Total Checkouts | Date last seen | Price effective from | Koha item type |
|---|---|---|---|---|---|---|---|---|---|---|---|---|
| Dewey Decimal Classification | Virtual | Virtual | Online | 01/02/2023 | 01/02/2023 | 01/02/2023 | Online material |